01042 2200181 4500245003600000020002200036250001100058100001400069700000900083650001700092005001900109260003200128041001400160084000800174300002300182500064600205336000900851 aMatahari MinorcTere LiyehText a978-623-99878-9-3 aCet. 1 aTere Liye aA. R aNovel Remaja a20240110150820 aDepokbSabak Grip Nusantara aIndonesia a813 a363 hlm. :c20 cm. aNamaku Seli, dan aku bias mengeluarkan petir. Apa yang akan kalian lakukan jika teman kalian dalam bahaya besar? Apakah menolongnya? Atau diam saja tidak bisa melakukan apapun? Aku tahu apa yang akan aku lakukan: berangkat bertarung membantunya. Kali ini kami bertualang ke klan yang malam-malamnya adalah horor panjang. Kekuatan gelap menyelimuti separuh klan, dan aku harus memecahkan misteri pesan yang dikirimkan lewat teknologi mimpi. Petualangan ini tidak kalah seru, tidak kalah menegangkan. Dan sungguh, aku mohon maaf, kalian mungkin berteriak kesal saat tiba di halaman terakhir buku ini.Buku ini adalah buku k-14 dari serial BUMI. atext